Groupes politiques à l'Assemblée nationale française - Statistiques

Statistiques générales
  • Ce quiz a été pris 72 fois
  • Le résultat moyen est 6 sur 11
Statistiques - réponses
Députés Groupe % Correct
122 Rassemblement National
98%
71 La France insoumise - Nouveau Front Populaire
74%
49 Droite Républicaine
69%
91 Ensemble pour la République
69%
69 Socialistes et apparentés
69%
36 Les Démocrates
44%
34 Horizons & Indépendants
43%
38 Écologistes et Social
41%
17 Gauche Démocrate et Républicaine
41%
22 Liberté, Indépendants, Outre-Mer et Territoires
41%
16 Union des droits pour la République
39%
Aucun quiz correspondant
Distribution des résultats
% des personnes avec chaque résultat
Percentile par nombre de réponses
Votre historique - résultats
Vous n’avez pas pris ce quiz